Sử thi Ê Đê Quyển 4

সংরক্ষণ করুন:
গ্রন্থ-পঞ্জীর বিবরন
প্রধান লেখক: Đỗ, Hồng Kỳ (Chủ biên)
অন্যান্য লেখক: Y'Kô Niê (Biên soạn)
বিন্যাস: গ্রন্থ
প্রকাশিত: Hà Nội Khoa học Xã hội 2014
বিষয়গুলি:
ট্যাগগুলো: ট্যাগ যুক্ত করুন
কোনো ট্যাগ নেই, প্রথমজন হিসাবে ট্যাগ করুন!
Thư viện lưu trữ: Trung tâm Học liệu Lê Vũ Hùng, Trường Đại học Đồng Tháp
LEADER 01016pam a22003498a 4500
001 00032281
005 20171026081025.0
008 140604s2014 ||||||Viesd
020 # # |a 9786049023415 
041 0 # |a Vie 
082 1 4 |a 398.209 597  |b S550TH 
100 1 # |a Đỗ, Hồng Kỳ  |e Chủ biên 
245 1 0 |a Sử thi Ê Đê  |c Đỗ Hồng Kỳ (ch.b.), Y'Kô Niê (b.s.)  |n Quyển 4 
260 # # |a Hà Nội  |b Khoa học Xã hội  |c 2014 
300 # # |a 403 tr.  |c 21 cm. 
500 # # |a ĐTTS ghi : Hội văn nghệ dân gian Việt Nam 
653 # # |a Dân tộc Ê Đê 
653 # # |a Văn học dân gian 
653 # # |a Việt Nam 
653 # # |a Sử thi 
700 1 # |a Y'Kô Niê  |e Biên soạn 
852 # # |j KD.0015803 
852 # # |b Kho đọc  |j KD.0015803 
910 # # |d 4\6\2014 
980 # # |a Trung tâm Học liệu Lê Vũ Hùng, Trường Đại học Đồng Tháp